000 nam a22 a 4500
999 _c159553
_d159553
003 BLK
005 20220602152524.0
008 180410b bul|||||r ||||||| ||bul||
010 _aKNG00166724000
040 _aBLK
041 _aBUL
_cBUL
080 _aБългарска литература
_b821.163.2
_x-32
_z821.163.2-32
100 1 _aВазов, Иван Минчов
_eпърви автор
_9363396
139 _aВазов, Иван Минчов
_bВ 15
245 1 0 _aИзбрани разкази
_cИван Минчов Вазов ; предг. от Петър Николов Динеков.
250 _a4. изд.
257 _aBGR
260 _aСофия
_bБълг. писател
_c1966
300 _a336 с.
_c20 см
380 _aX
490 _aБиблиотека за ученика
_9201322
500 _aКор. загл. Разкази. - 1. изд. 1950.
700 1 _aДинеков, Петър Николов
_eпредг. от
_9363799
852 _aЦб 40078
_bЦб
942 _cKNG
_n0
_s1
944 _aCR
_c30.10.2014
_l30.10.2014 - от С1,Р / 30.10.2014
_kИрена_Русанова
944 _aED
_c2022-06-02
_kГГГ